000
00307nam a2200109 4500
999
_c
11141
_d
11141
008
181012b ||||| |||| 00| 0 eng d
245
_a
Cyberthieves in the neighborhood.
260
_a
Philippines
_b
Philippine Daily Inquirer
_c
c2017
300
_a
page B3.
650
0
_9
32180
_a
Crimes-Cyber.
942
_2
ddc
_c
PER